|
|
|
|
| LEADER |
00000nab a2200000 a 4500 |
| 001 |
vtls000336943 |
| 003 |
SK-MaSNL |
| 005 |
20260303203915.0 |
| 008 |
111201c1988 xo 0 slo |
| 015 |
|
|
|a SNBRB19rr/mm-uuuuu
|
| 035 |
|
|
|a CL0337065
|
| 040 |
|
|
|a SNKBUCL
|b slo
|c SNKBUCL
|e AACR2
|
| 041 |
0 |
|
|a slo
|
| 044 |
|
|
|a xo
|c SK
|
| 080 |
|
|
|a 796.52
|2 1981
|
| 100 |
1 |
|
|a (pš)
|4 aut
|9 900393
|
| 245 |
1 |
0 |
|a Tatry pre horolezcov
|c (pš)
|
| 650 |
0 |
7 |
|a horolezectvo
|2 snkbucl
|9 1050
|
| 651 |
|
7 |
|a Vysoké Tatry (Poľsko a Slovensko : pohorie)
|2 snkbucl
|9 67729
|
| 655 |
|
7 |
|a články z novín a časopisov
|2 snkbucl
|9 267496
|
| 700 |
1 |
|
|a Puškáš, Arno,
|d 1925-2001
|4 aut
|9 256316
|
| 773 |
0 |
|
|t Šport
|g Roč. 42, č. 254 (27. 10. 1988), s. 3
|
| 787 |
0 |
8 |
|i Rec.:
|a Puškáš, Arno
|t Vysoké Tatry
|
| 850 |
|
|
|a Slovenská národná knižnica v Martine
|a MTA001
|
| 852 |
|
|
|a SNK
|b KIS3GCP
|
| 958 |
|
|
|a RK
|
| 992 |
|
|
|a RBX
|
| 999 |
|
|
|c 2187635
|d 2189565
|